00341nam a2200109Ia 4500008004100000082001500041100002300056245003400079942000600113952009700119999001500216240331s9999 xx 000 0 und d a300.1bINT aCoomaraswamy,R. ed 0aIntroduction to social theory cL 001040708LaWERCLbWERCLcSSCd2024-03-31l0o 300.1 INTp3446r2024-03-31w2024-03-31yL c1066d1066